000 00312 a2200133 4500
000 nam a22 7a 4500
100 _aQureshi, Faisal
110 _aQureshi, Faisal
245 _aMatrimonial Law in Islam
250 _aLatest edition
260 _bOxford
_c2025
264 _bOxford
_c2025
942 _cBK
999 _c396194
_d396194